000 00702nam a2200217 i 4500
001 34577
003 ES-MaACL
007 t|
008 030207s1976 sp ||||1| spa d
020 _a335-6355-6
100 1 _aBlume, Johannes.
_929589
245 1 0 _aAmpliación de estadística para ingenieros /
_cJohannes Blume ; traducción, Günter Wagner Keuerleber.
250 _a1ª ed.
260 _aBarcelona :
_bLabor,
_c1976.
300 _aXI, 141 p. ;
_c20 cm.
490 1 _aNuevos manuales técnicos Labor ;
_v35
700 1 _aWagner Keuerleber, Günter.
_9115858
830 0 _aNuevos manuales técnicos Labor ;
_v35
_9181525
852 _aES-MaACL
_jL-9889
_bR.112143
999 _c34577
_d34577